Maryland Counties by Population - Statistics

General Stats
  • This quiz has been taken 90 times
  • The average score is 16 of 23
Answer Stats
Population County % Correct
1,054,827 Montgomery
100%
955,306 Prince George's
88%
849,316 Baltimore
86%
590,336 Anne Arundel
81%
279,835 Frederick
80%
334,529 Howard
80%
173,873 Carroll
69%
262,977 Harford
69%
114,468 St. Mary's
69%
103,905 Cecil
64%
32,489 Dorchester
64%
19,270 Kent
64%
154,937 Washington
64%
93,928 Calvert
63%
33,386 Caroline
63%
28,702 Garrett
63%
103,980 Wicomico
63%
168,698 Charles
61%
50,798 Queen Anne's
61%
24,584 Somerset
59%
37,626 Talbot
59%
53,132 Worcester
58%
67,729 Allegany
56%
No matching quizzes found
Score Distribution
Percent of People with Each Score
Percentile by Number Answered
Your Score History
You have not taken this quiz